| 000 | 00501cam a22002051 4500 | ||
|---|---|---|---|
| 001 | sa 65008154 | ||
| 003 | DLC | ||
| 005 | 20260227112154.0 | ||
| 008 | 890629s1962 ii ac 000 0 beno | ||
| 010 | _asa 65008154 | ||
| 035 | _a(OCoLC)19950471 | ||
| 040 |
_aDLC _cWaU _dDLC |
||
| 042 | _apremarc | ||
| 050 | 0 | 0 |
_aPK1723 _b.C5 1962 |
| 100 | 1 |
_aTagore, Rabindranath, _d1861-1941. |
|
| 245 | 1 | 0 | _aChelebelā. |
| 260 | _c[1962] | ||
| 300 |
_a94 p. _billus., ports. _c22 cm. |
||
| 500 | _aIn Bengali. | ||
| 999 |
_c65603 _d65603 |
||